فلسطين بين عامي 1948-1972 : قائمة ببلوغرافية بالكتب العربية والمعربة الصادرة في مصر / Filasṭīn bayna ʻāmaỵ 1948-1972 : qāʼimat bibliyūghrāfīyah bi-al-kutub al-ʻArabīyah wa-al-muʻarrabah al-ṣādirah fī Miṣr

محفوظ في:

المؤلف الرئيسي: Yūnus Aḥmad Ismāʻil.

التنسيق: كتاب

اللغة: Undetermined

منشور في: Bayrūt Markaz al-Abḥāth, Munaẓẓamat al-Taḥrīr al-Filasṭīnīyah 1973

سلاسل: Silsilat Ḥaqāʼiq wa-arqām, raqm 45

الوسوم: إضافة وسم

لا توجد وسوم, كن أول من يضع وسما على هذه التسجيلة!

رقم الطلب: B20 ISMA

LEADER 00708nam a2200133Ia 4500
008 240404s9999||||xx |||||||||||||| ||und||
050 4 |a B20 ISMA 
100 1 |a Yūnus Aḥmad Ismāʻil. 
245 1 0 |a فلسطين بين عامي 1948-1972 : قائمة ببلوغرافية بالكتب العربية والمعربة الصادرة في مصر / Filasṭīn bayna ʻāmaỵ 1948-1972 : qāʼimat bibliyūghrāfīyah bi-al-kutub al-ʻArabīyah wa-al-muʻarrabah al-ṣādirah fī Miṣr   |c Yūnus Aḥmad Ismāʻil 
264 1 |a Bayrūt  |b Markaz al-Abḥāth, Munaẓẓamat al-Taḥrīr al-Filasṭīnīyah  |c 1973 
300 |a 52  |c 28 
490 0 |a Silsilat Ḥaqāʼiq wa-arqām, raqm 45 
942 |2 lcc  |c BK 
999 |c 57981  |d 57981